000 00243nam a22000857a 4500
008 160706b xxu||||| |||| 00| 0 eng d
100 _92376
_a Gujjarappa, B.G
245 _aMitha and her Magic Shoes
260 _aNew Delhi
_b National Book Trust
_c1990
999 _c2052
_d2052